000 00433nam a22001817a 4500
003 CEME
005 20210628210410.0
008 210216b xxu||||| |||| 00| 0 eng d
020 _a969-0-00514-
040 _c.
082 _a491.43903 FER
100 _aFeroz Ud Din
_974740
245 _aFeroz-ul-lughaat
260 _aISLAMABAD
_bFEROZE SONS
_c1996
300 _a1470P
650 _aURDU DICTIONARY
_979219
942 _cBK
_2ddc
999 _c584272
_d584272